00221nam a2200085Ia 450000100070000000500170000700800410002424500500006526000200011564272020250826153532.0250824s9999 xx 000 0 und d 0aYürek Dede ile PadişahcCahit Zarifoğlu bBEYAN YAYINLARI